| 000 | nam a22 7a 4500 | ||
|---|---|---|---|
| 999 |
_c16150 _d16150 |
||
| 008 | 161108b xxu||||| |||| 00| 0 eng d | ||
| 020 | _a9781111125219 | ||
| 050 | _aR 728.8 .B73 2010 | ||
| 100 |
_aBrasin, Gerry A. _d2010 |
||
| 245 |
_aThe total practice management workbook: _bUsing e-medsys educational edition/ _cGerry A. Brasin; Cecile R. Favreau |
||
| 260 |
_aAustralia: _bDelmar cengage learning, _c2010. |
||
| 300 |
_ax,127p.: _bill.; _c28cm. |
||
| 521 | _aIncludes index. | ||
| 700 | _aFavreau, Cecile R. | ||
| 942 |
_2lcc _cBOOKS _hR 728.8 .B73 2010 |
||